00333pab a2200121 454500008004000000100002100040245007100061260000900132300001400141362001200155650001100167773003300178180718b2002 xxu||||| |||| 00| 0 eng d aBokil, Miland S. aTribal communities and sustainable livelihoods: lessons from Bordi c2002 ap.163-86. aApr-Jun aTribes aJournal of Rural Development